000 01490nam1a2200289 i 4500
001 RU\NLR\BIBL_A\011783284
005 20240921150324.0
010 _a9785001011743
035 _a(NLR Aleph) 011783284
090 _a11787970
_c11787970
100 _a20180906d2018 u y0rusy50 ca
101 0 _arus
102 _aRU
105 _a||||j||||||||
200 1 _aОрганическая химия
_eзадачи по общему курсу с решениями
_eучебное пособие для студентов высших учебных заведений, обучающихся по специальности ВПО 020101.65 "Химия"
_eв двух частях
_f[М. В. Ливанцов и др.]
_gпод ред. акад. РАН Н.С. Зефирова
205 _a3-е изд.
210 _aМосква
_cЛаборатория знаний
_d2018 (макет 2019)
215 _d24
225 1 _aУчебник для высшей школы
606 1 _aОрганическая химия
_jУчебные издания для высших учебных заведений
_xЗадачи
_xРешение
_91541014
_3RU\NLR\AUTH\66973087
686 1 _aГ2я73-41
702 1 _aЛиванцов
_bМ. В.
_gМихаил Васильевич
_4220
702 1 _aЗефиров
_bН. С.
_f1935-
_gНиколай Серафимович
_4340
852 _aNLR
_j2018-7/4759
942 _cBOOK